| 000 | 00585nam a22002297a 4500 | ||
|---|---|---|---|
| 003 | OSt | ||
| 005 | 20140310182907.0 | ||
| 008 | 130128t xxu||||| |||| 00| 0 eng d | ||
| 020 | _a9712348655 | ||
| 050 |
_aLB2157 _b.At872 2007 |
||
| 082 |
_aFIL 370.733 _2At1 2007 |
||
| 245 |
_aStudent teaching worktext _cAtienza, Sonia Monzon |
||
| 260 |
_aManila _bRex Book Store _c2007 |
||
| 300 |
_a256 p. _c23 cm |
||
| 521 | _acollege students | ||
| 526 | _c1210L-1700L | ||
| 541 | _j1 | ||
| 541 | _j2 | ||
| 541 | _j3 | ||
| 562 | _e3 | ||
| 942 |
_2lcc _cBK _kFIL |
||
| 999 |
_c17165 _d17165 |
||